Europe Capitals - Map Click - Statistics

General Stats
  • This quiz has been taken 22 times
  • The average score is 29 of 45
Answers on the Map
Answers color-coded by a green-red scale on the quiz's map according to % correct below.
 
Answer Stats
Answer % Correct
Amsterdam
88%
Andorra-la-vella
81%
Kyiv
81%
Lisbon
81%
Madrid
81%
Moscow
81%
Vatican
81%
London
75%
Luxembourg
75%
Monaco
75%
Paris
75%
Rome
75%
Athens
69%
Berlin
69%
Budapest
69%
Dublin
69%
Minsk
69%
Oslo
69%
San Marino
69%
Vienna
69%
Warsaw
69%
Zagreb
69%
Bratislava
63%
Brussels
63%
Copenhagen
63%
Helsinki
63%
Reykjavik
63%
Stockholm
63%
Tallinn
63%
Valletta
63%
Belgrade
56%
Chisinau
56%
Prague
56%
Riga
56%
Bern
50%
Bucharest
50%
Ljubljana
50%
Saravejo
50%
Skopje
50%
Sofia
50%
Tirana
50%
Vaduz
50%
Vilnius
50%
Pristina
44%
Podgorica
38%
No matching quizzes found
Score Distribution
Percent of People with Each Score
Percentile by Number Answered
Your Score History
You have not taken this quiz